| 000 | 00657nam a2200253 a 4500 | ||
|---|---|---|---|
| 001 | 0001-1239 | ||
| 003 | ELIB.Books | ||
| 008 | 150602 2010 eng | ||
| 020 | _a0962079502 | ||
| 035 | _a(ELIB.Books)0001-1394 | ||
| 092 |
_a264.2 _bCau |
||
| 100 | _aCausey, C. Harry | ||
| 245 |
_aThings They Don't Tell Me: _bAbout Being A Ministry of Music |
||
| 250 | _aThird Printing | ||
| 260 |
_bMusic Revelation _c1994 |
||
| 300 |
_a234 _c21.5 Cm |
||
| 500 | _aC/o Moe Tarmalar Paw | ||
| 650 | _aMusic | ||
| 856 |
_nKBTS: Library _uKBTS: Elib |
||
| 942 |
_2ddc _cBK |
||
| 990 | _a2 | ||
| 998 |
_cbat _e2015-06-02 |
||
| 999 |
_c11239 _d11239 |
||